| 000 | 00551nam a22001937a 4500 | ||
|---|---|---|---|
| 003 | KOHA_MİRAKIL | ||
| 005 | 20250415145352.0 | ||
| 008 | 250415b tu ||||| |||| 00| 0 tur d | ||
| 020 | _a9789750815010 | ||
| 040 |
_aTR-AnABB _btur _cTR-AnABB |
||
| 041 | _atur | ||
| 082 |
_a811.42 _bAYH 2019 |
||
| 100 | 1 | _aAyhan, Ece, | |
| 245 | 1 | 0 |
_aŞiirimiz mor külhanidir abiler / _cEce Ayhan |
| 260 |
_aİstanbul : _bYapı Kredi Kültür Yayınları, _c2023 |
||
| 300 |
_a122 sayfa ; _c22 cm |
||
| 650 | 0 | 4 | _aTürk edebiyatı, roman |
| 942 |
_2ddc _cBK |
||
| 999 |
_c8704 _d8704 |
||
| 900 | _bGizem YORULMAZ | ||